Barcelona All-Time Starting XI - Statistics

General Stats
  • This quiz has been taken 634 times
  • The average score is 8 of 13
Answer Stats
Position Player % Correct
FW (2004-21) Lionel Messi
100%
MF (2002-18) Andrés Iniesta
95%
MF (1998-2015) Xavi
95%
DF (1996-2014) Carles Puyol
93%
MF (2007-23) Sergio Busquets
90%
FW (2003-08) Ronaldinho
75%
12h player (1973-78) Johan Cruyff
70%
Coach (1988-96) Johan Cruyff
70%
DF (2007-13) Eric Abidal
49%
DF (1989-95) Ronald Koeman
46%
GK (1986-94) Andoni Zubizarreta
31%
FW (1950-61) László Kubala
15%
DF (1987-98) Albert Ferrer
6%
No matching quizzes found
Score Distribution
Percent of People with Each Score
Percentile by Number Answered
Your Score History
You have not taken this quiz